Library of the University of Algiers 3
Ibrahim Sultan Cheibout
شعار جامعة الجزائر 3
مكتبة جامعة الجزائر 3
إبراهيم سلطان شيبوط

أثر التغيير في قيمة النقودعلى الالتزامات في الفقه الاسلامي : (رقم التسجيلة. 43728)

تفاصيل مارك
000 -LEADER
fixed length control field 01564nam a2200229Ia 4500
003 - CONTROL NUMBER IDENTIFIER
control field Ost
005 - DATE AND TIME OF LATEST TRANSACTION
control field 20260507075255.0
008 - FIXED-LENGTH DATA ELEMENTS--GENERAL INFORMATION
fixed length control field 260507s9999||||xx |||||||||||||| ||und||
020 ## - INTERNATIONAL STANDARD BOOK NUMBER
International Standard Book Number 355160977
040 ## - CATALOGING SOURCE
Transcribing agency fsecg
041 ## - LANGUAGE CODE
Language code of text/sound track or separate title ara
082 ## - DEWEY DECIMAL CLASSIFICATION NUMBER
Classification number 330
100 ## - MAIN ENTRY--PERSONAL NAME
Personal name الشاعر، محمود دياب
Relator term مؤلف
245 #0 - TITLE STATEMENT
Title أثر التغيير في قيمة النقودعلى الالتزامات في الفقه الاسلامي :
Remainder of title دراسة مقارنة /
Statement of responsibility, etc. محمود دياب الشاعر
260 ## - PUBLICATION, DISTRIBUTION, ETC.
Place of publication, distribution, etc. الاسكندرية:
Name of publisher, distributor, etc. دار الفكر الجامعي,
Date of publication, distribution, etc. 2004
300 ## - PHYSICAL DESCRIPTION
Extent 441 صفحة؛
Dimensions 25 سم
520 ## - SUMMARY, ETC.
Summary, etc. 1) تعريف النقود و الوضع الاقتصادي لها : تعريف النقود و التطور التاريخي لها و الوضع الاقتصادي للنقود و السياسة النقدية و أسباب التغيير في قيمة النقود ، الوضع الفقهي للفلوس و الاوراق النقدية 2)الالتزامات و مصادرها و أحكامها : حقيقة الالتزام و أركانه و مصادرهو أحكام الالتزام 3) أثر التغيير في قيمة النقود على الالتزامات : أثر التغيير في قيمة النقود الخلقية ، الذهب و الفضة و أثر التغيير في قيمة النقود الاصطلاحية على الالتزامات .
653 ## - INDEX TERM--UNCONTROLLED
Uncontrolled term الإلتزمات
653 ## - INDEX TERM--UNCONTROLLED
Uncontrolled term القيمة ــ نقود
653 ## - INDEX TERM--UNCONTROLLED
Uncontrolled term النقود ــ الفقه الاسلامي
942 ## - ADDED ENTRY ELEMENTS (KOHA)
Koha item type كتب
المقتنيات
Withdrawn status Lost status Source of classification or shelving scheme Damaged status Not for loan Home library Current library Date acquired Serial enumeration / chronology Inventory number Total checkouts Full call number Barcode Date last seen Price effective from Koha item type
    Dewey Decimal Classification   NOT LOAN / إعارة داخلية مكتبة كلية العلوم الإقتصادية والعلوم التجارية وعلوم التسيير مكتبة كلية العلوم الإقتصادية والعلوم التجارية وعلوم التسيير 07/05/2026 الطابق الأرضي 2011/4   أ/3748ن1 2011/4 07/05/2026 07/05/2026 كتب
    Dewey Decimal Classification   Available مكتبة كلية العلوم الإقتصادية والعلوم التجارية وعلوم التسيير مكتبة كلية العلوم الإقتصادية والعلوم التجارية وعلوم التسيير 07/05/2026 الطابق الأرضي 2011/5   أ/3748ن2 2011/5 07/05/2026 07/05/2026 كتب
    Dewey Decimal Classification   Available مكتبة كلية العلوم الإقتصادية والعلوم التجارية وعلوم التسيير مكتبة كلية العلوم الإقتصادية والعلوم التجارية وعلوم التسيير 07/05/2026 الطابق الثاني 2011/6   أ/3748ن3 2011/6 07/05/2026 07/05/2026 كتب

موارد الويب المفتوحة


© University of Algiers 3 All Rights Reserved
|
Implemented by LECHELAH Riad